Statystyki dla osoby które wystąpiły w albumie "100 dni do matury" i "młody matczak"

Kliknij tutaj aby rozwiązać quiz!

Ogólne statystyki

  • Ten quiz został rozwiązany 14 razy
  • Średni wynik to 6 z 24

Statystyki odpowiedzi

albumosoba% Poprawnych
Młody MatczakMalik Montana
57%
Młody MatczakQuebonafide
57%
100 dni do maturySzczepan
57%
Młody MatczakTaco Hemingway
57%
Młody MatczakWhite 2115
57%
100 dni do maturyWyguś
57%
Młody MatczakGOMBAO 33
50%
100 dni do maturyAdam
43%
Młody MatczakPopek
43%
Młody MatczakJanusz Walczuk
14%
Młody MatczakSKUTE BOBO
14%
Młody MatczakDeemz
7%
100 dni do maturyDJ Filip
7%
Młody Matczakfrancis
7%
100 dni do maturyJerzy Bralczyk
7%
Młody MatczakKubi Producent
7%
Młody MatczakPedro
7%
Młody MatczakTrooh Hippi
7%
100 dni do maturyEzra Williams
0%
Młody MatczakMaurycy Żółtański
0%
Młody Matczakmłody klakson
0%
100 dni do maturyMoo Latte
0%
100 dni do maturySarcastic Sounds
0%
Młody MatczakSir Mich
0%

Rozkład punktacji

Percentyl według liczby udzielonych odpowiedzi

Procent ludzi z każdym wynikiem

Twoja historia wyników

Nie rozwiązałeś tego quizu